000 00587nam a2200205 i 4500
001 14757
003 ES-MaACL
005 20250809070329.0
007 t|
008 990601s1965 fr ||||1| fre d
080 _a821.133.1-31"19"
100 1 _aHougron, Jean.
_964327
245 1 0 _aJe reviendrai áa Kandara
_b: roman /
_cJean Hougron.
260 _aParis :
_bLe Livre de Poche,
_c[1965]
300 _a192 p. ;
_c17 cm.
490 1 _aLe Livre de poche ;
_v1494
830 0 3 _aLe livre de poche
_v1494
_9179656
852 _aES-MaACL
_jL-21955
_bR.113623
999 _c14757
_d14757